000 00364nam a2200157Ia 4500
003 Ost
005 20260225132555.0
008 260225s9999||||xx |||||||||||||| ||und||
040 _cfsic
041 _afre
082 _a440
100 _aDniel Serceau
_eAuteur
245 0 _aMizoguchi :
245 0 _bde la révolte aux songes /
_cDniel Serceau
942 _cكتاب
999 _c34395
_d34395